000
00259nam a2200097Ia 4500
008
240331s9999 xx 000 0 und d
082
_b
CRE
100
_a
Logo. ed
245
0
_a
Creating a better world with victims of globalization :
_b
Logos- Volume 41
942
_c
L
999
_c
2757
_d
2757